[Event "Huila Centenary op"]
[Site "Neiva"]
[Date "2005.05.13"]
[Round "6"]
[White "Garcia, Gildardo"]
[Black "Tiviakov, Sergei"]
[Result "0-1"]
[WhiteElo "2452"]
[BlackElo "2631"]
[Annotator "Tiviakov,S"]
[PlyCount "116"]
[EventDate "2005.05.10"]
[EventType "swiss"]
[EventRounds "9"]
[EventCountry "COL"]
[SourceTitle "CBM 106 Extra"]
[Source "ChessBase"]
[SourceDate "2005.07.01"]
[SourceVersion "1"]
[SourceVersionDate "2005.07.01"]
[SourceQuality "1"]

1. e4 c5 2. Nf3 d6 3. d4 cxd4 4. Nxd4 Nf6 5. Nc3 g6 6. Be3 Bg7 7. f3 Nc6 8. Qd2
Bd7 9. h4 $6 (9. Bc4) (9. O-O-O $142) 9... h5 10. Bc4 (10. O-O-O) 10... Ne5 11.
Bb3 Rb8 $5 $146 (11... Rc8 12. O-O-O O-O {- B78}) (11... a5) (11... a6) 12.
Nde2 (12. O-O-O b5 $132) (12. a4 $5 Rc8) (12. Nd5 $5 $13) 12... a6 (12... a5 $6
13. a4 {><b5}) 13. Nf4 b5 14. Ncd5 Nxd5 (14... Bc6 $5) 15. Nxd5 a5 16. a3 Bc6 (
16... e6 17. Nf4 Nc4 (17... Qc7 18. Rd1 $1 (18. O-O-O $6 Ke7 $13) 18... Ke7 $14
{עe7}) 18. Bxc4 bxc4 19. Bd4 (19. c3 Ba4 $13) 19... O-O 20. Bxg7 Kxg7 $13) 17.
Bd4 (17. Bg5 Rb7) 17... O-O 18. O-O-O e6 19. Ne3 b4 $6 (19... Qc7 $142 $5 20.
f4 $140 Rfd8) 20. a4 Qc7 (20... Qd7 21. Bxe5 Bxe5 22. Nc4 $16) (20... Qe7 $5)
21. Kb1 (21. f4 $2 Bxe4 22. fxe5 dxe5 $19) (21. Rhe1 $5) 21... Rfd8 22. Qe2 Qd7
{(><a4)} 23. f4 (23. g4 $5) 23... Qe7 $8 24. Rhe1 Nd7 25. Bxg7 (25. g4 $5 $13)
(25. Nc4 $5 Bxd4 26. Rxd4 Nc5 27. Nxa5 Ba8 $44 (27... Be8 $44)) 25... Kxg7 26.
Qc4 $2 (26. g4 $142 Nf6 27. gxh5 Bxe4 $13 (27... Nxh5 $13)) (26. Nc4 Nc5 {
><e4, a4}) 26... Rbc8 $1 $17 (26... Nc5 $5) 27. Qd4+ e5 28. Qxd6 (28. fxe5 dxe5
29. Qa7 Qc5 $17 30. Rxd7 $140 $2 Bxd7 $1) 28... Qxd6 29. Rxd6 exf4 30. Nc4 Nc5
31. Red1 (31. Rxd8 Rxd8 32. Nxa5 Bxe4 $19 {><g2}) 31... Re8 $1 32. Nxa5 $6 (32.
Nb6 $142 Bxe4 (32... Nxb3 33. Nxc8 Rxc8 34. Rxc6 (34. cxb3 Bxe4+ 35. Ka2 Bxg2
$19 {o^f4}) 34... Rxc6 35. cxb3 Re6 36. Rd4 Kf6 $17) 33. Nxc8 Nxb3 34. Rd8 Rxd8
35. Rxd8 Nc5 $17) 32... Bxe4 33. Bd5 $8 Bf5 $1 34. Rd4 (34. Nb3 Nxa4 35. Bc6
Be4 36. Nd4 (36. Bxe8 Bxc2+ $19) 36... Bxc6 37. Nxc6 (37. Rxc6 Rxc6 38. Nxc6
Re2 $17) 37... Re2 38. Nxb4 Rxg2 $17) 34... Nxa4 35. Rxb4 (35. Bc6 Re1+ 36. Ka2
Be6+ 37. Rxe6 fxe6 38. Rxb4 Nc5 $17) 35... Rxc2 36. Ka2 Nc3+ 37. Ka3 Nxd5 38.
Rxd5 Re3+ (38... Rxg2 $142 39. Rxf4 Rg4 40. Rdd4 Be4 $19) 39. b3 Rxg2 40. Rxf4
Be6 $138 (40... Rg4 $142 $19) 41. Rdd4 Rgg3 42. Rb4 Rh3 43. Nc4 Rd3 44. Rb7
Rhf3 45. Rxf3 Rxf3 46. Nd6 Rf4 47. b4 Rxh4 48. b5 Rd4 49. Ne8+ Kh6 50. b6 h4
51. Rc7 Rd3+ 52. Ka4 Rb3 53. b7 h3 54. Nd6 h2 55. Rc8 Kh7 56. Rc1 Bd5 57. Rf1
Rxb7 58. Nxb7 Bxb7 0-1

[Event "ESP-chT"]
[Site "Sanxenxo"]
[Date "2004.11.26"]
[Round "9"]
[White "Fernandez Garcia, Jose Luis"]
[Black "Tiviakov, Sergei"]
[Result "0-1"]
[WhiteElo "2479"]
[BlackElo "2617"]
[Annotator "Tiviakov,S"]
[PlyCount "96"]
[EventDate "2004.11.18"]
[EventType "team"]
[EventRounds "9"]
[EventCountry "ESP"]
[SourceTitle "CBM 105"]
[Source "ChessBase"]
[SourceDate "2005.04.11"]
[SourceVersion "1"]
[SourceVersionDate "2005.04.11"]
[SourceQuality "1"]

1. e4 c5 2. Nf3 d6 3. d4 cxd4 4. Nxd4 Nf6 5. Nc3 g6 6. Be3 Bg7 7. f3 Nc6 8. Qd2
Bd7 9. O-O-O Rc8 10. g4 Ne5 11. h4 h5 12. g5 Nh7 13. Be2 (13. f4) (13. Kb1)
13... O-O (13... Nf8 14. f4 Ng4 15. Bg1 Ne6 16. Bxg4 hxg4 17. Nxe6 Bxe6 18. Bd4
Kf8 19. h5 gxh5 20. f5 Bd7 21. Nd5 f6 22. Nf4 Qc7 23. Nxh5 e5 24. fxe6 Bc6 25.
Nxg7 Rxh1 26. Rxh1 {1-0 Friedman,A-Afek,Y/Wijk aan Zee 2000/CBM 79 ext (26)})
14. Kb1 (14. Rdf1 a6 (14... Re8 $5) 15. f4 Nc4 16. Bxc4 Rxc4 17. f5 b5 18. Nd5
Re8 19. Qd3 e6 20. fxe6 Bxe6 21. Nxe6 Rxe6 22. Bb6 Qc8 23. Re1 Nf8 24. Re2 Nd7
25. Rhe1 Nc5 26. Bxc5 Qxc5 27. Kb1 Qa7 28. Qf3 b4 29. Rf1 Re8 30. Nf6+ Bxf6 31.
Qxf6 Rcxe4 32. Rxe4 Rxe4 33. Qxd6 Qf2 34. Qd1 Qa7 35. Qd8+ Kh7 {1/2-1/2 Suchin,
D-Dirmeier,M/Friedrichroda 1997/EXT 99 (35)}) (14. f4 Nc4 (14... Ng4 $5) 15.
Bxc4 Rxc4 16. Kb1 Bg4 17. Rdg1 e5 18. Ndb5 exf4 19. Bxf4 a6 20. Nxd6 Rd4 21.
Qh2 Bf3 22. e5 Qe7 23. Rd1 Rxf4 24. Qxf4 Bxh1 {0-1 Van Assendelft-Tiviakov,S/
Tilburg 2001 (24)}) (14. Nb3 $6 Be6 15. Bd4 Bc4 16. f4 Bxb3 17. axb3 Nc6 18.
Bxg7 Kxg7 19. Nd5 e5 20. Qe3 exf4 21. Qxf4 f6 22. gxf6+ Nxf6 23. Qe3 Qa5 24.
Kb1 Qc5 25. Rhg1 Ne5 26. Qxc5 dxc5 27. Nxf6 Kxf6 28. Rd6+ Kg7 29. Rg5 Rfe8 30.
Rd5 Kf6 31. Bxh5 Rc6 32. Be2 Rce6 33. Rg1 b6 34. h5 g5 35. Rdd1 Rg8 36. Rdf1+
Ke7 37. Rf5 g4 38. Kc1 Rd8 39. Rg5 Kf6 40. Bxg4 Kxg5 41. Bxe6+ Kxh5 42. Rg7 Rd6
43. Bd5 Rf6 44. Re7 Rf1+ 45. Kd2 Rf2+ 46. Ke1 Ng4 47. e5 Rf5 48. Bf7+ Kg5 49.
e6 Re5+ 50. Kd2 Rd5+ 51. Ke2 Re5+ 52. Kd3 a6 53. Ra7 Rd5+ 54. Kc3 Ne3 55. b4
cxb4+ 56. Kb3 Kf6 57. Rxa6 Rd2 58. Rxb6 Nxc2 59. Ka4 Rf2 60. Rd6 Rf4 61. b3 Nd4
62. Rb6 Rf1 63. Kxb4 Nxb3 64. Rd6 Rb1 65. Kc4 Na5+ 66. Kc3 Rc1+ 67. Kb4 Nc6+
68. Kb5 Ne5 69. Bh5 {1/2-1/2 Franzen,J-Kiviaho,R/FIN jub30-A corr9196 1991/
Corr 2000 (69)}) 14... Re8 15. f4 $146 (15. Rhf1 Nc4 16. Bxc4 Rxc4 17. Qd3 Qc8
18. Rd2 Nf8 19. Nd5 b5 20. f4 Ne6 21. Nb3 Nc7 22. Nxc7 Qxc7 23. f5 Qb7 24. Na5
Qc8 25. Nxc4 bxc4 26. Qd5 gxf5 27. exf5 Be5 28. g6 Rf8 29. gxf7+ Rxf7 30. Rg2+
{1-0 Cuartas,J-Clavijo,J/Pensilvania 1998/EXT 99 (30)}) (15. Rdf1 Nc4 16. Bxc4
Rxc4 17. f4 Qb6 18. e5 Qa6 19. Qd3 dxe5 20. fxe5 Bxe5 21. Nb3 Bf5 22. Rxf5 gxf5
23. g6 Nf6 24. Qxf5 Qe6 25. Qd3 Bxc3 26. gxf7+ Kxf7 27. Rf1 Qe4 28. Qd1 Qxe3
29. Qxh5+ Kg7 {0-1 Wunnink,M-Tiviakov,S/Groningen 2000 (29)}) 15... Ng4 (15...
Nc4 16. Bxc4 Rxc4 17. f5 $36 (17. Qd3 Qc8 18. f5 $140 gxf5 19. exf5 (19. Nxf5
Bxf5 20. exf5 Bxc3 21. bxc3 Rxc3 $13) 19... Bxd4 20. Bxd4 Bxf5 $44)) 16. Bxg4
$6 (16. f5 Nxe3 17. Qxe3 $14) (16. Bg1 $5 $14) 16... Bxg4 17. Rdf1 Nf8 (17...
Qa5 $5) 18. Nd5 (18. f5 Nd7 {/\Ne5}) 18... Nd7 19. f5 e6 20. Nf6+ $5 (20. fxg6
fxg6 21. Nf6+ (21. Nf4 e5 $17) 21... Nxf6 22. gxf6 Bxf6 $13) 20... Nxf6 21.
gxf6 Bxf6 22. Bg5 (22. fxg6 fxg6 23. Nb5 $13 (23. Bg5 $13)) 22... gxf5 $8 (
22... Bxg5 23. hxg5 $44 {|^ >>}) 23. exf5 (23. Nb5 Bxg5 (23... e5 $5) 24. hxg5
fxe4 25. Nxd6 e3 $13) 23... e5 24. Ne2 $6 (24. Nb5 $142 $5 Bxg5 (24... d5 25.
Nc3 Bxg5 26. hxg5 $44) (24... a6 25. Nxd6 Bxg5 26. Qxg5+ Qxg5 27. hxg5 $16) 25.
hxg5 d5 (25... Qb6 26. g6 $1 Qxb5 27. Qh6 fxg6 28. Qxg6+ Kf8 29. Qxd6+ Kf7 30.
Qg6+ Ke7 31. Rd1 Bxd1 32. Rxd1 Red8 33. Qe6+ Kf8 34. Rg1 Rd1+ 35. Rxd1 Qc6 36.
Qb3 $16) (25... a6 26. Nc3 $16) 26. Nc3 $44) 24... e4 $1 25. Ng3 Bxg5 (25... d5
$5) 26. hxg5 e3 27. Qd4 (27. Qg2 e2 28. Re1 Qxg5 29. Nxh5 Rc4 $1 $17) 27... Qc7
$1 28. Qd3 $8 (28. c3 Qc4 29. Qxc4 (29. Qf6 e2 30. Re1 Qd3+ 31. Ka1 Qxg3 32. g6
Rc7 33. gxf7+ Rxf7 34. Qg6+ Kf8 35. Qh6+ Ke7 36. Qe6+ Kd8 37. Qxf7 Bf3 38. Qf6+
(38. Rhg1 Qxg1 39. Qxe8+ Kxe8 40. Rxg1 h4 $19) 38... Kd7 39. Qh4 Qxh4 40. Rxh4
Re3 $19) 29... Rxc4 30. Nxh5 Bxh5 31. Rxh5 e2 32. Re1 Rf4 33. Kc2 Rxf5 $17) (
28. Rc1 Qc5 29. Qd3 (29. Qf6 e2 30. a3 (30. c3 e1=Q 31. Rcxe1 Rxe1+ 32. Rxe1
Qf2 33. Rh1 Qxg3 34. g6 Rf8 $19) 30... Qe5 $19) 29... Qc4 30. Qxc4 Rxc4 31.
Nxh5 Bxh5 32. Rxh5 e2 33. Re1 Rf4 34. Kc1 Rxf5 $17) 28... Qc4 29. Nxh5 Bxh5 30.
Rxh5 Qxd3 31. cxd3 e2 32. Re1 Rc5 33. f6 (33. Rh2 Rxf5 34. Rhxe2 Rxe2 35. Rxe2
Rxg5 36. Re7 f5 $1 $17 {o^ f} (36... Rb5 $17)) 33... Rec8 34. Rhh1 $8 Rc2 35.
a4 (35. a3 R8c6) 35... R8c6 (35... Rd2 $5 36. Ka2 Rcc2 37. Kb3 Rxb2+ 38. Kc4
$15) 36. Ka2 $6 (36. a5 $8 Rd2 $5 (36... R6c5 37. Ka2 Rb5 38. Ka3 Rbxb2 (38...
Rcxb2 39. Rc1 $11) (38... Rd2 39. Rh2 $11) 39. Rh4 $11) 37. Ka2 Rcc2 38. Rh2 (
38. Rh3 Rd1 $17) (38. Kb3 Rxb2+ 39. Kc4 Rdc2+ 40. Kd4 Ra2 $17) 38... Rxb2+ 39.
Ka3 Ra2+ 40. Kb3 $11) 36... Rb6 37. Rb1 $2 (37. a5 $8 Rbxb2+ 38. Ka3 $15) 37...
a5 $1 {[עa2]} 38. Ka3 (38. d4 Rb4 $19) 38... Rd2 39. Rhe1 (39. Rbc1 $142 Rc6
40. Rce1 Rxd3+ 41. Ka2 Rc2 42. Rh2 Rdd2 43. Reh1 Rxb2+ 44. Ka3 Ra2+ 45. Kb3
Rdb2+ 46. Kc4 (46. Kc3 e1=Q+ $19) 46... Rxa4+ 47. Kd3 (47. Kd5 Rd2#) 47... Ra3+
48. Ke4 Rb4+ 49. Kf5 Rf3#) (39. Ka2 d5 $19) 39... Kh7 $5 40. b3 Rc6 (40... d5
$142 41. Rb2 Rxb2 42. Kxb2 Re6 43. Kc3 Kg6 $19) 41. Rb2 Rcc2 42. Rxc2 Rxc2 43.
b4 Rd2 44. bxa5 (44. Kb3 Rxd3+ 45. Kc2 Re3 $19) (44. d4 axb4+ 45. Kxb4 Rxd4+
46. Kb5 Re4 47. Kb6 d5 48. Kc5 Kg6 49. Kxd5 Re6 $19) 44... Rxd3+ 45. Kb4 Re3
46. Kb5 d5 47. Kc5 (47. Kb6 d4 48. Kxb7 d3 $19) 47... Kg6 48. Kxd5 Re6 $1 (
48... Kxg5 49. Kd6 Kxf6 50. Kc7 Re7+ 51. Kd6 $1 $19 {<=>}) 0-1